000
00210nam a2200085Ia 4500
008
120527s9999 xx 000 0 und d
100
_a
Hase & Easton
245
_a
Applied data structures using pascal
942
_c
BK
999
_c
27813
_d
27813